[Event "EU-Cup 39th"]
[Site "Vrnjacka Banja"]
[Date "2024.10.25"]
[Round "6.5"]
[White "Halldorsson, Jon Arni"]
[Black "Den Roover, Nikolay Jorgensen"]
[Result "1/2-1/2"]
[WhiteElo "2079"]
[BlackElo "1876"]
[PlyCount "67"]
[EventDate "2024.10.20"]
[EventType "team-swiss"]
[EventRounds "7"]
[EventCountry "SRB"]
[SourceTitle "CB44_2024"]
[Source "Chessbase"]
[SourceDate "2024.10.30"]
[SourceVersion "1"]
[SourceVersionDate "2024.10.30"]
[SourceQuality "1"]
[WhiteTeam "Viking CC"]
[BlackTeam "Baerum"]
[WhiteTeamCountry "ISL"]
[BlackTeamCountry "NOR"]

1. d4 Nf6 2. c4 c5 3. d5 b5 4. cxb5 a6 5. e3 axb5 6. Bxb5 Ba6 7. Nc3 Bxb5 8. Nxb5 Qa5+ 9. Nc3 g6 10. Nge2 Bg7 11. 0-0 0-0 12. Rb1 d6 13. b3 Na6 14. Bb2 Rfb8 15. Ba1 Qa3 16. Bb2 Qa5 17. Qd2 Nc7 18. Rfd1 Qb4 19. h3 Qh4 20. Ng3 Ra6 21. Qe2 Nd7 22. Kh2 f5 23. Kg1 Rba8 24. e4 f4 25. Nf1 Ne5 26. Nh2 h5 27. Nf3 Nxf3+ 28. Qxf3 g5 29. g4 fxg3 30. Qxg3 Qxg3+ 31. fxg3 Bd4+ 32. Kh1 Bxc3 33. Bxc3 Rxa2 34. Rd2 1/2-1/2

[Event "EU-Cup 39th"]
[Site "Vrnjacka Banja"]
[Date "2024.10.24"]
[Round "5.6"]
[White "Halldorsson, Jon Arni"]
[Black "Cassidy, John"]
[Result "1-0"]
[WhiteElo "2079"]
[BlackElo "1894"]
[PlyCount "99"]
[EventDate "2024.10.20"]
[EventType "team-swiss"]
[EventRounds "7"]
[EventCountry "SRB"]
[SourceTitle "CB44_2024"]
[Source "Chessbase"]
[SourceDate "2024.10.30"]
[SourceVersion "1"]
[SourceVersionDate "2024.10.30"]
[SourceQuality "1"]
[WhiteTeam "Viking CC"]
[BlackTeam "Ennis"]
[WhiteTeamCountry "ISL"]
[BlackTeamCountry "IRL"]

1. d4 Nf6 2. c4 c5 3. d5 e6 4. Nc3 g6 5. Nf3 Bg7 6. g3 0-0 7. Bg2 a6 8. a4 d6 9. 0-0 e5 10. Qb3 Qc7 11. h3 Re8 12. e4 Nh5 13. Bd2 Nd7 14. a5 h6 15. Na4 Rb8 16. Qc2 Rf8 17. Kh2 f5 18. Nh4 Rf6 19. exf5 g5 20. Ng6 Nf8 21. Be4 Nxg6 22. fxg6 Qd7 23. g4 Nf4 24. Nb6 Qe8 25. Nxc8 Rxc8 26. Bf5 Rc7 27. Bxf4 gxf4 28. h4 Re7 29. f3 Rf8 30. Rab1 Qd8 31. Qd2 Bf6 32. h5 Bg5 33. Kg2 Qe8 34. Qd3 Qd8 35. Be6+ Kg7 36. Qa3 Rc7 37. b4 Qe7 38. b5 axb5 39. cxb5 Qf6 40. b6 Re7 41. a6 e4 42. fxe4 Qd4 43. Qa1 bxa6 44. Qxd4+ cxd4 45. b7 Rb8 46. Bc8 Rc7 47. Kh1 Kf6 48. Rfc1 Rxc1+ 49. Rxc1 Ke5 50. g7 1-0

[Event "ISL-chT Kvika 2223"]
[Site "Reykjavik"]
[Date "2022.10.15"]
[Round "4.3"]
[White "Domalchuk Jonasson, Aleksandr"]
[Black "Halldorsson, Jon Arni"]
[Result "1-0"]
[WhiteElo "2300"]
[BlackElo "2057"]
[PlyCount "122"]
[EventDate "2022.10.13"]
[EventType "team-tourn"]
[EventRounds "10"]
[EventCountry "ISL"]
[SourceTitle "CBM 213 Extra"]
[Source "ChessBase"]
[SourceDate "2023.05.31"]
[SourceVersion "1"]
[SourceVersionDate "2023.05.31"]
[SourceQuality "1"]
[WhiteTeam "Taflfelag Reykjavikur"]
[BlackTeam "Skakdeild Fjolnis"]
[WhiteTeamCountry "ISL"]
[BlackTeamCountry "ISL"]

1. d4 d5 2. c4 c6 3. Nf3 Nf6 4. Qb3 dxc4 5. Qxc4 Bf5 6. g3 e6 7. Bg2 Be7 8. 0-0 Nbd7 9. Rd1 h6 10. e3 0-0 11. Qe2 Qa5 12. Bd2 Qb6 13. Nc3 Rfe8 14. e4 Bh7 15. Ne1 Qxd4 16. Bxh6 Qb6 17. Be3 Qa5 18. g4 Nf8 19. g5 N6d7 20. h4 e5 21. a3 Qc7 22. Rac1 Bc5 23. Bh3 Bxe3 24. Qxe3 Qd8 25. Rd6 Qe7 26. Rcd1 Nb6 27. b3 Rad8 28. Qd2 Rxd6 29. Qxd6 Qxd6 30. Rxd6 Nc8 31. Rd1 f6 32. Nf3 Bg6 33. Kg2 Kf7 34. Bg4 Ke7 35. h5 Bf7 36. Nh4 fxg5 37. Nf5+ Kf6 38. Rd3 g6 39. hxg6 Bxg6 40. b4 Bxf5 41. exf5 Ke7 42. Bh5 Nd7 43. Bxe8 Kxe8 44. Ne4 Ndb6 45. Nxg5 Nd5 46. Rd1 Nd6 47. Re1 Nxf5 48. Rxe5+ Nfe7 49. Ne4 Kd7 50. Nc5+ Kc7 51. Kg3 b6 52. Nd3 Kd6 53. f4 Nxf4 54. Kxf4 Ng6+ 55. Ke4 Nxe5 56. Nxe5 a5 57. Nc4+ Kc7 58. bxa5 b5 59. Ne5 c5 60. Kd5 b4 61. axb4 cxb4 1-0

[Event "ISL-chT1 2122"]
[Site "Reykjavik"]
[Date "2022.03.04"]
[Round "7.2"]
[White "Halldorsson, Jon Arni"]
[Black "Crevatin, Leo"]
[Result "0-1"]
[WhiteElo "2070"]
[BlackElo "2224"]
[PlyCount "70"]
[EventDate "2021.09.30"]
[EventType "team-tourn"]
[EventRounds "10"]
[EventCountry "ISL"]
[SourceTitle "EXT 2024"]
[Source "ChessBase"]
[SourceDate "2023.10.10"]
[SourceVersion "1"]
[SourceVersionDate "2023.10.10"]
[SourceQuality "1"]
[WhiteTeam "Skakdeild Fjolnis"]
[BlackTeam "Taflfelag Gardabaejar"]
[WhiteTeamCountry "ISL"]
[BlackTeamCountry "ISL"]

1. d4 Nf6 2. Nf3 d5 3. c4 e6 4. g3 Bb4+ 5. Bd2 a5 6. Bg2 0-0 7. 0-0 dxc4 8. Bxb4 axb4 9. Ne5 Nc6 10. Nxc6 bxc6 11. Bxc6 Ra5 12. Bf3 Ba6 13. Re1 Qb8 14. Nd2 Rd8 15. Qc2 Rxd4 16. e3 Rd8 17. Nxc4 Rc5 18. b3 Nd5 19. Red1 h6 20. Qd2 Re8 21. Ne5 Qb5 22. Nc4 Nc3 23. Rdc1 Rf5 24. Bg2 Bb7 25. a4 Qa6 26. Qd7 Ne2+ 27. Kf1 Bxg2+ 28. Kxe2 Qa8 29. Nd2 Rd8 30. Qxc7 Rxd2+ 31. Kxd2 Rxf2+ 32. Ke1 Qf3 33. Qd8+ Kh7 34. Qd3+ f5 35. g4 Bf1 0-1

[Event "ISL-chT1 2122"]
[Site "Reykjavik"]
[Date "2021.10.02"]
[Round "4.1"]
[White "Thorsteinsson, Arnar"]
[Black "Halldorsson, Jon Arni"]
[Result "1-0"]
[WhiteElo "2192"]
[BlackElo "2103"]
[PlyCount "49"]
[EventDate "2021.09.30"]
[EventType "team-tourn"]
[EventRounds "10"]
[EventCountry "ISL"]
[SourceTitle "EXT 2022"]
[Source "ChessBase"]
[SourceDate "2021.10.06"]
[SourceVersion "1"]
[SourceVersionDate "2021.10.06"]
[SourceQuality "1"]
[WhiteTeam "Skakfelag Akureyrar"]
[BlackTeam "Skakdeild Fjolnis"]
[WhiteTeamCountry "ISL"]
[BlackTeamCountry "ISL"]

1. e4 e6 2. d4 d5 3. e5 b6 4. Nf3 Ba6 5. Bxa6 Nxa6 6. Qe2 Nb8 7. 0-0 Ne7 8. c4 Nbc6 9. Nc3 Qd7 10. Be3 Na5 11. b3 Nf5 12. Rac1 Nxe3 13. fxe3 Be7 14. cxd5 exd5 15. e4 dxe4 16. Qxe4 0-0 17. Nd5 c6 18. Ne3 Qe6 19. Rc2 f6 20. Nf5 fxe5 21. Nxe5 Bf6 22. b4 Bxe5 23. dxe5 Nb7 24. Rxc6 Qd7 25. e6 1-0

[Event "EU-ch 21st"]
[Site "Reykjavik"]
[Date "2021.09.02"]
[Round "8"]
[White "Halldorsson, Jon Arni"]
[Black "Omarsson, Josef"]
[Result "1-0"]
[WhiteElo "2115"]
[BlackElo "1211"]
[PlyCount "79"]
[EventDate "2021.08.26"]
[EventType "swiss"]
[EventRounds "11"]
[EventCountry "ISL"]
[SourceTitle "CBM 204"]
[Source "ChessBase"]
[SourceDate "2021.10.31"]
[SourceVersion "1"]
[SourceVersionDate "2021.10.31"]
[SourceQuality "1"]

1. d4 Nf6 2. c4 g6 3. Nc3 Bg7 4. e4 d6 5. Nf3 0-0 6. Be2 c5 7. d5 e6 8. 0-0 exd5 9. cxd5 Re8 10. Nd2 Nbd7 11. Re1 a6 12. a4 Rb8 13. a5 h5 14. Bf1 Ne5 15. f4 Neg4 16. h3 Nh6 17. Nc4 Nh7 18. Qf3 Qh4 19. Be3 Qe7 20. Rad1 Qc7 21. Bf2 Bd7 22. Kh1 Bb5 23. Nb6 Bxf1 24. Rxf1 Qe7 25. Rfe1 Qc7 26. Nc4 Nf8 27. g4 hxg4 28. hxg4 Kh8 29. Qh3 Qd7 30. Rg1 Kh7 31. Nb6 Qe7 32. g5 Bxc3 33. Qxh6+ Kg8 34. bxc3 Qxe4+ 35. Rg2 Qc2 36. Rdg1 Qxc3 37. f5 gxf5 38. g6 Qf3 39. gxf7+ Kxf7 40. Qg7# 1-0

[Event "EU-ch 21st"]
[Site "Reykjavik"]
[Date "2021.08.29"]
[Round "4"]
[White "Gudnyjarson, Sigurdur Pall"]
[Black "Halldorsson, Jon Arni"]
[Result "0-1"]
[WhiteElo "1207"]
[BlackElo "2115"]
[PlyCount "75"]
[EventDate "2021.08.26"]
[EventType "swiss"]
[EventRounds "11"]
[EventCountry "ISL"]
[SourceTitle "CBM 204"]
[Source "ChessBase"]
[SourceDate "2021.10.31"]
[SourceVersion "1"]
[SourceVersionDate "2021.10.31"]
[SourceQuality "1"]

1. d4 f5 2. c4 Nf6 3. Nc3 e6 4. Bg5 Be7 5. Nf3 b6 6. g3 Bb7 7. Bg2 0-0 8. 0-0 h6 9. Bxf6 Bxf6 10. e3 d6 11. Qc2 g6 12. Rad1 Qe7 13. Rfe1 Na6 14. Qd2 Rad8 15. e4 Qg7 16. exf5 exf5 17. Ne2 Rfe8 18. Nf4 Be4 19. Nh4 g5 20. Nh5 Qf7 21. Nxf6+ Qxf6 22. Bxe4 fxe4 23. Ng2 c5 24. a3 d5 25. dxc5 Nxc5 26. cxd5 Nd3 27. Re3 Nxb2 28. Rc1 Qe5 29. f3 Rxd5 30. Qe2 Qd4 31. Kh1 Nd1 32. Rc4 Qa1 33. Qe1 Nf2+ 34. Kg1 Nh3+ 35. Kf1 Rd1 36. Rcxe4 Rxe4 37. Rxe4 Rxe1+ 38. Rxe1 0-1

[Event "EU-ch 21st"]
[Site "Reykjavik"]
[Date "2021.08.27"]
[Round "2"]
[White "Saemundarson, Saethor Ingi"]
[Black "Halldorsson, Jon Arni"]
[Result "1/2-1/2"]
[WhiteElo "1216"]
[BlackElo "2115"]
[PlyCount "49"]
[EventDate "2021.08.26"]
[EventType "swiss"]
[EventRounds "11"]
[EventCountry "ISL"]
[SourceTitle "CBM 204"]
[Source "ChessBase"]
[SourceDate "2021.10.31"]
[SourceVersion "1"]
[SourceVersionDate "2021.10.31"]
[SourceQuality "1"]

1. e4 e6 2. Nf3 d5 3. exd5 exd5 4. d4 Bd6 5. Nc3 Ne7 6. h3 Bf5 7. Bd3 Bg6 8. Nb5 Nbc6 9. Nxd6+ Qxd6 10. c3 0-0-0 11. 0-0 Bh5 12. Re1 f6 13. Qe2 Bf7 14. Nh4 Kb8 15. Qg4 g5 16. Nf5 Nxf5 17. Qxf5 Bg6 18. Qf3 Rhe8 19. Bd2 Bxd3 20. Qxd3 Qd7 21. Qf3 Qd6 22. Qf5 h5 23. Qf3 h4 24. Qf5 a6 25. f3 1/2-1/2

[Event "EU-ch 21st"]
[Site "Reykjavik"]
[Date "2021.08.26"]
[Round "1"]
[White "Halldorsson, Jon Arni"]
[Black "Sivuk, Vitaly"]
[Result "0-1"]
[WhiteElo "2115"]
[BlackElo "2589"]
[PlyCount "58"]
[EventDate "2021.08.26"]
[EventType "swiss"]
[EventRounds "11"]
[EventCountry "ISL"]
[SourceTitle "CBM 204"]
[Source "ChessBase"]
[SourceDate "2021.10.31"]
[SourceVersion "1"]
[SourceVersionDate "2021.10.31"]
[SourceQuality "1"]

1. d4 Nf6 2. Nf3 g6 3. g3 c5 4. dxc5 Na6 5. Bg2 Nxc5 6. 0-0 Bg7 7. c4 b6 8. Nd4 Bb7 9. Bxb7 Nxb7 10. Nc3 Rc8 11. b3 d5 12. Nxd5 Nxd5 13. cxd5 Qxd5 14. Bb2 0-0 15. e3 Rfd8 16. Qe2 e5 17. Nf3 e4 18. Nd4 Nc5 19. Rac1 Nd3 20. Rxc8 Rxc8 21. Ba1 Qd7 22. f3 Nc5 23. Rd1 Qe7 24. f4 Nd3 25. Rd2 Rc1+ 26. Rd1 Qa3 27. Nb5 Rxd1+ 28. Qxd1 Qxa2 29. Bd4 Qf2+ 0-1

[Event "ISL-chT1 1920"]
[Site "Reykjavik"]
[Date "2021.05.14"]
[Round "6.1"]
[White "Halldorsson, Jon Arni"]
[Black "Kjartansson, David"]
[Result "1/2-1/2"]
[WhiteElo "2083"]
[BlackElo "2327"]
[PlyCount "119"]
[EventDate "2019.10.03"]
[EventType "team-tourn"]
[EventRounds "9"]
[EventCountry "ISL"]
[SourceTitle "EXT 2022"]
[Source "ChessBase"]
[SourceDate "2021.10.06"]
[SourceVersion "1"]
[SourceVersionDate "2021.10.06"]
[SourceQuality "1"]
[WhiteTeam "Skakdeild Fjolnis"]
[BlackTeam "Vikingaklubburinn"]
[WhiteTeamCountry "ISL"]
[BlackTeamCountry "ISL"]

1. d4 Nf6 2. Nf3 e6 3. c4 Bb4+ 4. Bd2 c5 5. a3 Bxd2+ 6. Qxd2 cxd4 7. Nxd4 0-0 8. Nc3 b6 9. Nf3 Bb7 10. e3 Qe7 11. Be2 Na6 12. Rd1 Rfd8 13. Qd6 Qxd6 14. Rxd6 Nc5 15. 0-0 Kf8 16. b4 Nce4 17. Nxe4 Nxe4 18. Rd3 Ke7 19. Nd2 Nf6 20. Bf3 Bxf3 21. Nxf3 Rdc8 22. Nd2 a5 23. Rb1 d5 24. bxa5 bxa5 25. Kf1 Ra7 26. cxd5 Nxd5 27. Rdb3 Rcc7 28. e4 a4 29. Rg3 Nf4 30. Rxg7 Rc2 31. Nf3 Rac7 32. Ne1 Rc1 33. Rxc1 Rc3 34. Rc2 Rxc2 35. Rg4 Rc1 36. Rg3 e5 37. Re3 Ne6 38. g3 Nd4 39. Kg2 Kd6 40. f4 f6 41. fxe5+ fxe5 42. Kf2 Ra1 43. Nf3 Ra2+ 44. Kf1 Nb5 45. Rd3+ Ke6 46. Rd5 Nxa3 47. Rxe5+ Kf7 48. Rf5+ Kg7 49. Rg5+ Kf8 50. Rf5+ Ke8 51. Re5+ Kd8 52. Rd5+ Kc8 53. e5 Nc2 54. Ra5 Ne3+ 55. Ke1 Kd7 56. e6+ Ke7 57. Nd4 Nc2+ 58. Nxc2 Rxc2 59. Rxa4 Rxh2 60. Rh4 1/2-1/2

[Event "ISL-chT1 1920"]
[Site "Reykjavik"]
[Date "2019.10.03"]
[Round "1.1"]
[White "Thorsteinsdottir, Gudlaug"]
[Black "Halldorsson, Jon Arni"]
[Result "0-1"]
[WhiteElo "1976"]
[BlackElo "2083"]
[PlyCount "84"]
[EventDate "2019.10.03"]
[EventType "team-tourn"]
[EventRounds "9"]
[EventCountry "ISL"]
[SourceTitle "CBM 195 Extra"]
[Source "ChessBase"]
[SourceDate "2020.05.31"]
[SourceVersion "1"]
[SourceVersionDate "2020.05.31"]
[SourceQuality "1"]
[WhiteTeam "Taflfelag Gardjabaejar"]
[BlackTeam "Skakdeild Fjolnis"]
[WhiteTeamCountry "ISL"]
[BlackTeamCountry "ISL"]

1. d4 d5 2. c4 c6 3. Nf3 Nf6 4. Nc3 dxc4 5. a4 Bf5 6. e3 e6 7. Bxc4 Bb4 8. 0-0 Nbd7 9. Qe2 Bg6 10. Rd1 0-0 11. Na2 Be7 12. b4 Nb6 13. Bb3 Nbd5 14. Bd2 Rc8 15. Ne5 Nd7 16. Nxg6 hxg6 17. e4 N5f6 18. Bc3 Qc7 19. Rd3 e5 20. Rg3 exd4 21. Bxd4 Bd6 22. Rxg6 Bxh2+ 23. Kh1 Be5 24. Rd1 Bxd4 25. Rxd4 Qe5 26. Rd3 Rcd8 27. Rdg3 Qh5+ 28. Qxh5 Nxh5 29. R3g5 Kh7 30. Rd6 g6 31. Nc3 f6 32. Ra5 Ne5 33. Rd1 Nd3 34. Kg1 a6 35. Na2 Nhf4 36. Bc2 Ne5 37. Kf1 Rxd1+ 38. Bxd1 Rd8 39. Ke1 Nxg2+ 40. Ke2 Nf4+ 41. Ke1 Ned3+ 42. Kf1 Nxb4 0-1

[Event "Ostrava Konik op-A"]
[Site "Ostrava"]
[Date "2019.04.27"]
[Round "1"]
[White "Stalmach, Richard"]
[Black "Halldorsson, Jon Arni"]
[Result "1-0"]
[WhiteElo "1991"]
[BlackElo "2163"]
[PlyCount "61"]
[EventDate "2019.04.27"]
[EventType "swiss"]
[EventRounds "9"]
[EventCountry "CZE"]
[SourceTitle "CBM 190 Extra"]
[Source "ChessBase"]
[SourceDate "2019.07.15"]
[SourceVersion "1"]
[SourceVersionDate "2019.07.15"]
[SourceQuality "1"]

1. d4 d5 2. c4 c6 3. Nf3 Nf6 4. Nc3 dxc4 5. a4 Bf5 6. e3 e6 7. Bxc4 Bb4 8. 0-0 0-0 9. Bd3 Nbd7 10. e4 Bg6 11. Bg5 Qb6 12. e5 Nd5 13. Nxd5 cxd5 14. Bb5 Nb8 15. Nh4 Nc6 16. Be3 Rac8 17. f4 Be4 18. Bxc6 Rxc6 19. f5 exf5 20. Nxf5 Rfc8 21. Qg4 Bxf5 22. Rxf5 Qd8 23. Raf1 R8c7 24. Bg5 Qc8 25. Qf3 Qe6 26. h4 Rc2 27. Bd8 Rd7 28. Bf6 g6 29. Qe3 Bd2 30. Qd3 gxf5 31. Qg3+ 1-0

[Event "Reykjavik op"]
[Site "Reykjavik"]
[Date "2019.04.09"]
[Round "3"]
[White "Halldorsson, Hjorleifur"]
[Black "Halldorsson, Jon Arni"]
[Result "0-1"]
[WhiteElo "1773"]
[BlackElo "2163"]
[PlyCount "112"]
[EventDate "2019.04.08"]
[EventType "swiss"]
[EventRounds "9"]
[EventCountry "ISL"]
[SourceTitle "CBM 189 Extra"]
[Source "ChessBase"]
[SourceDate "2019.05.31"]
[SourceVersion "1"]
[SourceVersionDate "2019.05.31"]
[SourceQuality "1"]

1. e4 e6 2. d3 c5 3. Nf3 Nc6 4. g3 g6 5. Bg2 Bg7 6. 0-0 Nge7 7. Re1 0-0 8. c3 d6 9. d4 cxd4 10. cxd4 Qb6 11. e5 Nf5 12. Nc3 Ncxd4 13. exd6 Qxd6 14. Nxd4 Qxd4 15. Bg5 h6 16. Be3 Nxe3 17. Rxe3 Qb6 18. Rd3 Bf6 19. Ne4 Be7 20. Rb3 Qa5 21. Qc1 Kg7 22. Qc3+ Qxc3 23. Nxc3 Rb8 24. a4 a5 25. Rd1 Rd8 26. Rxd8 Bxd8 27. Nb5 Bd7 28. Rd3 Be8 29. b3 Be7 30. h3 g5 31. Rc3 b6 32. Bf3 Rd8 33. Nc7 Bd7 34. Rd3 Bc8 35. Rxd8 Bxd8 36. Nb5 Kf6 37. Kf1 e5 38. g4 Be6 39. Bd1 Bd5 40. Nc3 Bc6 41. Bc2 Ke6 42. Bf5+ Kd6 43. Be4 Bd7 44. Ke2 Kc5 45. Kd3 Be6 46. Kc2 Kd4 47. f3 Ke3 48. Nd5+ Kf2 49. Kd2 Kg3 50. Ke2 Kxh3 51. Kf2 Kh4 52. Kg2 h5 53. Ne3 hxg4 54. fxg4 Bxg4 55. Nf5+ Bxf5 56. Bxf5 g4 0-1

[Event "ISL-chT2 1819"]
[Site "Reykjavik"]
[Date "2019.03.01"]
[Round "5.2"]
[White "Teitsson, Magnus"]
[Black "Halldorsson, Jon Arni"]
[Result "0-1"]
[WhiteElo "2134"]
[BlackElo "2140"]
[PlyCount "78"]
[EventDate "2018.11.09"]
[EventType "team-tourn"]
[EventRounds "7"]
[EventCountry "ISL"]
[SourceTitle "CBM 189 Extra"]
[Source "ChessBase"]
[SourceDate "2019.05.31"]
[SourceVersion "1"]
[SourceVersionDate "2019.05.31"]
[SourceQuality "1"]
[WhiteTeam "Skakfelag Akureyrar II"]
[BlackTeam "Skakdeild Fjolnis II"]
[WhiteTeamCountry "ISL"]
[BlackTeamCountry "ISL"]

1. Nf3 d5 2. g3 Nf6 3. Bg2 Bg4 4. 0-0 Nbd7 5. d3 c6 6. c4 e6 7. b3 Bd6 8. Bb2 0-0 9. Nbd2 a5 10. h3 Bh5 11. e4 dxe4 12. dxe4 e5 13. Qc2 Re8 14. g4 Bg6 15. Ne1 Nc5 16. Rd1 Qb6 17. Bc3 Rad8 18. a3 Na6 19. c5 Bxc5 20. Nc4 Qc7 21. Bxa5 b6 22. Rxd8 Qxd8 23. Bd2 b5 24. Ne3 Qb6 25. b4 Bd4 26. Nf5 Bxf5 27. exf5 Nd5 28. Nd3 e4 29. Re1 Nf6 30. Nc5 Nxc5 31. bxc5 Qxc5 32. Qxc5 Bxc5 33. Bb4 Bxb4 34. axb4 Nd5 35. Rb1 Kf8 36. Kf1 Re5 37. Ke1 Ke7 38. Kd2 Kd6 39. Rb3 Re7 0-1

[Event "ISL-chT 1718"]
[Site "Reykjavik"]
[Date "2018.03.03"]
[Round "8.4"]
[White "Halldorsson, Jon Arni"]
[Black "Kristinsson, Ogmundur"]
[Result "1-0"]
[WhiteElo "2147"]
[BlackElo "2010"]
[PlyCount "114"]
[EventDate "2017.10.19"]
[EventType "team-tourn"]
[EventRounds "9"]
[EventCountry "ISL"]
[SourceTitle "EXT 2019"]
[Source "ChessBase"]
[SourceDate "2018.10.10"]
[SourceVersion "1"]
[SourceVersionDate "2018.10.10"]
[SourceQuality "1"]
[WhiteTeam "Fjolnis"]
[BlackTeam "Huginn II"]
[WhiteTeamCountry "ISL"]
[BlackTeamCountry "ISL"]

1. d4 d5 2. c4 e6 3. Nc3 Nf6 4. cxd5 exd5 5. Bg5 Be7 6. e3 h6 7. Bh4 c6 8. Bd3 Be6 9. Qc2 Nbd7 10. Nf3 Nh5 11. Bxe7 Qxe7 12. 0-0 Nhf6 13. Rab1 0-0 14. b4 Ne4 15. Nxe4 dxe4 16. Bxe4 Bxa2 17. Rb2 Bd5 18. Bxd5 cxd5 19. Qc7 Rfc8 20. Qxb7 Qd6 21. Qb5 Rab8 22. Qa4 Nb6 23. Qa6 Qc7 24. b5 Nc4 25. Ra2 Rb7 26. h3 Rd8 27. Qc6 Qb8 28. Rfa1 Rxb5 29. Rxa7 Rb1+ 30. Rxb1 Qxb1+ 31. Kh2 Qb8+ 32. Qc7 Qxc7+ 33. Rxc7 Rd6 34. Ne1 Nd2 35. Rc2 Ne4 36. Nd3 Ra6 37. Nb4 Rd6 38. Kg1 g6 39. f3 Nf6 40. Rc5 Kf8 41. Kf2 Ke7 42. Ke2 Ke6 43. Kd3 Nd7 44. Rc8 Nb6 45. Rh8 Na4 46. e4 dxe4+ 47. fxe4 Rb6 48. Nd5 Nb2+ 49. Kc2 Rb7 50. Rxh6 Na4 51. g4 Rb2+ 52. Kd3 Kd6 53. Rh7 Rg2 54. Rxf7 Nb2+ 55. Kc3 Nd1+ 56. Kc4 Rc2+ 57. Kd3 Rh2 1-0

[Event "ISL-chT 1617"]
[Site "Reykjavik"]
[Date "2016.09.29"]
[Round "1.3"]
[White "Halldorsson, Jon Arni"]
[Black "Ingvason, Johann"]
[Result "1-0"]
[WhiteElo "2162"]
[BlackElo "2123"]
[PlyCount "81"]
[EventDate "2016.09.29"]
[EventType "team-tourn"]
[EventRounds "9"]
[EventCountry "ISL"]
[SourceTitle "EXT 2018"]
[Source "ChessBase"]
[SourceDate "2017.10.13"]
[SourceVersion "1"]
[SourceVersionDate "2017.10.13"]
[SourceQuality "1"]
[WhiteTeam "Fjolnis"]
[BlackTeam "Reykjanesbaejar"]
[WhiteTeamCountry "ISL"]
[BlackTeamCountry "ISL"]

1. d4 Nf6 2. Nf3 e6 3. g3 c5 4. Bg2 Nc6 5. 0-0 Be7 6. c4 cxd4 7. Nxd4 0-0 8. Nc3 d5 9. cxd5 exd5 10. Be3 Be6 11. Rc1 Qd7 12. Nxc6 bxc6 13. Na4 Bh3 14. Bc5 Rfe8 15. Re1 h5 16. Bh1 h4 17. Qd4 hxg3 18. hxg3 Ne4 19. Bxe7 Rxe7 20. Nc5 Nxc5 21. Rxc5 Bg4 22. e3 Bf5 23. Rec1 Re6 24. Bxd5 cxd5 25. Rxd5 Rc6 26. Rxc6 Qxc6 27. Rxf5 Qc2 28. Rg5 Qh7 29. Kg2 Qh6 30. Qd5 Rc8 31. Rg4 Qb6 32. Qd4 Qc6+ 33. e4 Qh6 34. Qd7 Rf8 35. e5 Qb6 36. Qd6 Qb7+ 37. Kh2 Qf3 38. Rf4 Qh5+ 39. Kg2 Re8 40. Qd7 Qg6 41. Qxe8+ 1-0